000 00578nam a2200193Ia 4500
005 20250508150737.0
008 008 250505s9999 xx 000 0 eng d
037 _aTextual
040 _aFEDL
_beng
_cFEDL
041 _aeng
_2eng
084 _a155.423, WOL
_qFEDL
100 _aWolff Werner
_983825
245 0 _aPersonality of the preschool child : The child's search for his self
260 _aLondon, UK
_bWilliam Heinemann Ltd.
_c1947
300 _axvi,341p.
650 _aChild Psychology
942 _cTEXL
_h155.423, WOL
999 _c1325406
_d1325406